000 00357pab a2200145 454500
008 180718b2015 xxu||||| |||| 00| 0 eng d
100 _aSuresh, A.
245 _aSmall ruminants for rural livelihood: development imperatives
260 _c2015
300 _ap.43-45.
362 _aNov
650 _aPanchayat
773 _aKurukshetra
909 _a110953
999 _c110948
_d110948